LIBRARY & INFORMATION CENTRE, KCAET, TAVANUR

ONLINE PUBLIC ACCESS CATALOGUE (OPAC)

Fruit culture in India / (Record no. 2625)

MARC details
000 -LEADER
fixed length control field 00467cam a2200181ua 4500
041 ## - LANGUAGE CODE
Language code of text/sound track or separate title eng
082 ## - DEWEY DECIMAL CLASSIFICATION NUMBER
Classification number 634
Item number SHA/FR
100 ## - MAIN ENTRY--AUTHOR NAME
Personal name Sham, Singh .
245 ## - TITLE STATEMENT
Title Fruit culture in India /
250 ## - EDITION STATEMENT
Edition statement 2 /
260 ## - PUBLICATION, DISTRIBUTION, ETC. (IMPRINT)
Place of publication New Delhi :
Name of publisher Indian Council for Agricultural Research ,
Year of publication 1967.
300 ## - PHYSICAL DESCRIPTION
Number of Pages 424 ; .
700 1# - ADDED ENTRY--PERSONAL NAME
Personal name Katyal, S.L .
700 1# - ADDED ENTRY--PERSONAL NAME
Personal name Krishnamurthi, S .
942 ## - ADDED ENTRY ELEMENTS (KOHA)
Koha item type Books
Holdings
Withdrawn status Lost status Damaged status Home library Current library Date acquired Full call number Accession Number Koha item type
      KAUAET KAUAET 07/04/2012 634 12589 Books
      KAUAET KAUAET 11/03/2022 634 SHA/FR 12588 Books
free website counter